Statistics for 8 Possessive Pronouns

Click here to take the quiz!

General Stats

  • This quiz has been taken 52 times
  • The average score is 8 of 8

Answer Stats

SubjectPossessive Pronoun% Correct
HeHis
100%
SheHers
98%
ItIts
98%
IMine
98%
YouYours
98%
WeOurs
95%
TheyTheirs
95%
OneOne's
93%

Score Distribution

Percentile by Number Answered

Percent of People with Each Score

Your Score History

You have not taken this quiz